书目信息 |
| 题名: |
材料物理
|
|
| 作者: | 李志林 编著 | |
| 分册: | ||
| 出版信息: | 北京 化学工业出版社 2014.11 |
|
| 页数: | 311页 | |
| 开本: | 26cm | |
| 丛书名: | 材料科学与工程系列教材 | |
| 单 册: | ||
| 中图分类: | TB303 | |
| 科图分类: | ||
| 主题词: | 材料科学--Cai Liao Ke Xue--物理学--高等教育--教材 | |
| 电子资源: | ||
| ISBN: | 978-7-122-22030-1 | |
| 000 | 01203nam 2200301 45 | |
| 001 | 012001000776 | |
| 005 | 20191108084045.21 | |
| 010 | @a978-7-122-22030-1@dCNY40.00 | |
| 099 | @aCAL 012016007723 | |
| 100 | @a20160118d2015 em y0chiy50 ea | |
| 101 | 0 | @achi |
| 102 | @aCN@b110000 | |
| 105 | @aak a 000yy | |
| 106 | @ar | |
| 200 | 1 | @a材料物理@ACai Liao Wu Li@f李志林编著 |
| 205 | @a第2版 | |
| 210 | @a北京@c化学工业出版社@d2014.11 | |
| 215 | @a311页@c图@d26cm | |
| 225 | 2 | @a材料科学与工程系列教材@ACai Liao Ke Xue Yu Gong Cheng Xi Lie Jiao Cai |
| 300 | @a普通高等教育“十一五”国家级规划教材 北京市高等教育精品教材立项项目 中国石油和化学工业优秀出版物奖(教材奖)一等奖获奖教材 | |
| 320 | @a有书目 | |
| 330 | @a本书分为10章,分别是材料的晶态结构、晶体缺陷、材料的固态相变、材料的固态扩散、材料的电子理论、材料的电学性能、材料的磁学性能、材料的热学性能、材料的力学性能、材料的光学性能。为便于学习使用,在每章后附有思考题和习题。 | |
| 410 | 0 | @12001 @a材料科学与工程系列教材 |
| 606 | 0 | @a材料科学@ACai Liao Ke Xue@x物理学@x高等教育@j教材 |
| 690 | @aTB303@v5 | |
| 701 | 0 | @a李志林@ALi Zhi Lin@4编著 |
| 801 | 0 | @aCN@b北京卓展文化@c20191020 |
| 905 | @b1196819-22@dTB303@e478=2@f4 | |
| 材料物理/李志林编著.-第2版.-北京:化学工业出版社,2014.11 |
| 311页:图;26cm.-(材料科学与工程系列教材) |
| 普通高等教育“十一五”国家级规划教材 北京市高等教育精品教材立项项目 中国石油和化学工业优秀出版物奖(教材奖)一等奖获奖教材 |
| ISBN 978-7-122-22030-1:CNY40.00 |
| 本书分为10章,分别是材料的晶态结构、晶体缺陷、材料的固态相变、材料的固态扩散、材料的电子理论、材料的电学性能、材料的磁学性能、材料的热学性能、材料的力学性能、材料的光学性能。为便于学习使用,在每章后附有思考题和习题。 |
| ● |
| 相关链接 |
|
|
|
|
正题名:材料物理
索取号:TB303/478=2
 
预约/预借
| 序号 | 登录号 | 条形码 | 馆藏地/架位号 | 状态 | 备注 |
| 1 | 1196819 | 211968192 | 第二样本阅览室/ [索取号:TB303/478=2] | 在馆 | |
| 2 | 1196820 | 211968209 | 第三借阅区/ [索取号:TB303/478=2] | 在馆 | |
| 3 | 1196821 | 211968218 | 第三借阅区/ [索取号:TB303/478=2] | 在馆 | |
| 4 | 1196822 | 211968227 | 第三借阅区/ [索取号:TB303/478=2] | 在馆 |